000
00243nam a22001097a 4500
082
_a
335.6436 CAR
100
_a
Carsten, F L.
245
_a
Fascist movements in Austria
260
_a
London
_b
Sage
_c
1977
300
_a
356p.
_b
23cm.
942
_c
BK
999
_c
13413
_d
13413